[Event "EU-ch 22nd"]
[Site "Terme Catez"]
[Date "2022.03.30"]
[Round "4"]
[White "Kelires, Andreas"]
[Black "Bilovil, Bogdan"]
[Result "1-0"]
[WhiteElo "2536"]
[BlackElo "2272"]
[PlyCount "65"]
[EventDate "2022.03.27"]
[EventType "swiss"]
[EventRounds "11"]
[EventCountry "SLO"]
[SourceTitle "CBM 208"]
[Source "ChessBase"]
[SourceDate "2022.06.30"]
[SourceVersion "1"]
[SourceVersionDate "2022.06.30"]
[SourceQuality "1"]

1. d4 Nf6 2. Nf3 e6 3. c4 d5 4. Nc3 Be7 5. g3 0-0 6. Bg2 dxc4 7. Ne5 Nc6 8. Bxc6 bxc6 9. Nxc6 Qe8 10. Nxe7+ Qxe7 11. Qa4 Bb7 12. 0-0 e5 13. Qxc4 exd4 14. Qxd4 Ne4 15. Nxe4 Qxe4 16. Qxe4 Bxe4 17. Bf4 c6 18. f3 Bd5 19. e4 Be6 20. Rfc1 Rfc8 21. Rc5 a5 22. a4 Ra6 23. Be5 Kf8 24. Bc3 Rb8 25. Rd1 Bb3 26. Rd4 Be6 27. Kf2 Ke7 28. g4 Rb7 29. Ke3 g6 30. g5 Rba7 31. h4 Rb7 32. Rd2 Rd7 33. Rxa5 1-0

[Event "Sitges Sunway op 8th"]
[Site "Sitges"]
[Date "2021.12.20"]
[Round "7"]
[White "Domingo Nunez, Ruben"]
[Black "Kelires, Andreas"]
[Result "0-1"]
[WhiteElo "2395"]
[BlackElo "2543"]
[PlyCount "86"]
[EventDate "2021.12.13"]
[EventType "swiss"]
[EventRounds "10"]
[EventCountry "ESP"]
[SourceTitle "CBM 205 Extra"]
[Source "ChessBase"]
[SourceDate "2022.01.31"]
[SourceVersion "1"]
[SourceVersionDate "2022.01.31"]
[SourceQuality "1"]

1. e4 c5 2. Nf3 d6 3. d4 cxd4 4. Nxd4 Nf6 5. Nc3 a6 6. Rg1 e5 7. Nb3 h5 8. h3 h4 9. Bg5 Be7 10. Qd2 Be6 11. 0-0-0 Nbd7 12. Kb1 Rc8 13. Bd3 b5 14. f4 Nb6 15. Qe1 Qc7 16. Ne2 Nc4 17. Bxh4 a5 18. f5 Bd7 19. Bxf6 Bxf6 20. Nc3 Qa7 21. Bxc4 bxc4 22. Nd2 Qc5 23. Nf3 Rb8 24. Ka1 Bc6 25. Qd2 Qb4 26. Rb1 Qb7 27. Qe2 Qb4 28. Rgd1 Be7 29. h4 a4 30. a3 Qc5 31. g4 Bd8 32. Qd2 Bc7 33. g5 g6 34. Nd5 Ba5 35. c3 Rb3 36. Nf6+ Ke7 37. fxg6 Rxa3+ 38. bxa3 Qxa3+ 39. Qa2 Bxc3+ 40. Rb2 Bxb2+ 41. Kb1 Qxf3 42. Rd2 Rb8 43. Qxc4 Qh1+ 0-1

[Event "Sitges Sunway op 8th"]
[Site "Sitges"]
[Date "2021.12.19"]
[Round "6"]
[White "Kelires, Andreas"]
[Black "Ortega Serra, Marc"]
[Result "1-0"]
[WhiteElo "2543"]
[BlackElo "2292"]
[PlyCount "169"]
[EventDate "2021.12.13"]
[EventType "swiss"]
[EventRounds "10"]
[EventCountry "ESP"]
[SourceTitle "CBM 205 Extra"]
[Source "ChessBase"]
[SourceDate "2022.01.31"]
[SourceVersion "1"]
[SourceVersionDate "2022.01.31"]
[SourceQuality "1"]

1. Nf3 Nf6 2. g3 d5 3. Bg2 c6 4. c4 h6 5. 0-0 Bf5 6. cxd5 cxd5 7. Qb3 Qb6 8. Qxb6 axb6 9. d3 Nc6 10. Bf4 g5 11. Be3 e5 12. Bxb6 Nd7 13. Be3 d4 14. Bd2 Be6 15. Rc1 Rxa2 16. Rxa2 Bxa2 17. b4 Bd6 18. Na3 Ke7 19. Nc4 Bxc4 20. Rxc4 Ra8 21. b5 Ra1+ 22. Rc1 Rxc1+ 23. Bxc1 Na7 24. h4 f6 25. Nh2 Nxb5 26. Bxb7 Nc3 27. Bf3 Kf7 28. Bg2 Nc5 29. Ba3 Nb7 30. Bb2 Nc5 31. Nf1 Ke6 32. Nd2 Be7 33. h5 N5a4 34. Ba1 Nc5 35. Kf1 Bd8 36. Bb2 Be7 37. Bc6 Na6 38. Bg2 Bb4 39. Nc4 Nc5 40. Bc6 Nd1 41. Bc1 Nc3 42. Bd2 Nb3 43. Be1 Na5 44. Nxa5 Bxa5 45. e3 Bb6 46. Bd2 Nd5 47. Bxd5+ Kxd5 48. e4+ Kd6 49. Ke2 Bc5 50. Kf3 Ke6 51. Kg4 Bd6 52. f3 Ba3 53. f4 exf4 54. gxf4 gxf4 55. Bxf4 Bf8 56. Bd2 Ke5 57. Bc1 Ke6 58. Bf4 Bg7 59. Kf3 Bf8 60. Ke2 Bg7 61. Kd2 Bf8 62. Kc2 f5 63. Kb3 fxe4 64. dxe4 d3 65. Kc3 d2 66. Kxd2 Bb4+ 67. Ke2 Bf8 68. Kf3 Bg7 69. Bd2 Bf8 70. Bc3 Be7 71. Ke3 Bg5+ 72. Kd3 Bf4 73. Bd4 Bg3 74. Ke2 Bf4 75. Be3 Bxe3 76. Kxe3 Ke5 77. Kf3 Ke6 78. Kf4 Kf6 79. e5+ Ke6 80. Ke4 Ke7 81. Kf5 Kf7 82. e6+ Ke7 83. Ke5 Ke8 84. Kf6 Kf8 85. Kg6 1-0

[Event "Sitges Sunway op 8th"]
[Site "Sitges"]
[Date "2021.12.15"]
[Round "3"]
[White "Samant, Aditya S"]
[Black "Kelires, Andreas"]
[Result "1/2-1/2"]
[WhiteElo "2318"]
[BlackElo "2543"]
[PlyCount "79"]
[EventDate "2021.12.13"]
[EventType "swiss"]
[EventRounds "10"]
[EventCountry "ESP"]
[SourceTitle "CBM 205 Extra"]
[Source "ChessBase"]
[SourceDate "2022.01.31"]
[SourceVersion "1"]
[SourceVersionDate "2022.01.31"]
[SourceQuality "1"]

1. e4 e5 2. Nf3 Nc6 3. Bb5 a6 4. Ba4 Nf6 5. 0-0 Be7 6. Re1 b5 7. Bb3 d6 8. c3 0-0 9. h3 Nd7 10. d4 Bb7 11. Nbd2 exd4 12. cxd4 Bf6 13. Nf1 Na5 14. Bc2 Re8 15. Rb1 c5 16. d5 Nc4 17. N3h2 Nce5 18. f4 Ng6 19. Nf3 Nh4 20. Ne3 c4 21. Nxh4 Bxh4 22. Rf1 Nc5 23. Qf3 Bc8 24. b4 Nd3 25. Bxd3 cxd3 26. Bb2 a5 27. bxa5 Rxa5 28. a3 Ra4 29. e5 b4 30. axb4 Rxb4 31. e6 Qb6 32. Kh2 fxe6 33. dxe6 Bxe6 34. Nd5 Bxd5 35. Qxd5+ Kh8 36. Qh5 Rg8 37. Bxg7+ Rxg7 38. Qxh4 Rxb1 39. Rxb1 Qxb1 40. Qd8+ 1/2-1/2

[Event "Sitges Sunway op 8th"]
[Site "Sitges"]
[Date "2021.12.13"]
[Round "1"]
[White "Savchenko, Daniel"]
[Black "Kelires, Andreas"]
[Result "0-1"]
[WhiteElo "2181"]
[BlackElo "2543"]
[PlyCount "76"]
[EventDate "2021.12.13"]
[EventType "swiss"]
[EventRounds "10"]
[EventCountry "ESP"]
[SourceTitle "CBM 205 Extra"]
[Source "ChessBase"]
[SourceDate "2022.01.31"]
[SourceVersion "1"]
[SourceVersionDate "2022.01.31"]
[SourceQuality "1"]

1. e4 c5 2. Nf3 d6 3. d4 cxd4 4. Nxd4 Nf6 5. Nc3 a6 6. f4 e5 7. Nf3 Nbd7 8. Bc4 Qc7 9. Qe2 Be7 10. 0-0 0-0 11. Kh1 b5 12. Bb3 b4 13. Nd5 Nxd5 14. exd5 Bf6 15. Ng5 Bxg5 16. fxg5 Nb6 17. a3 bxa3 18. Rxa3 a5 19. Qe4 Nd7 20. Ba2 f5 21. Qh4 g6 22. Rc3 Qd8 23. Rh3 Qe7 24. Be3 f4 25. Bg1 Rb8 26. Bb3 Rb4 27. c4 Nc5 28. Bxc5 dxc5 29. d6 Qf7 30. Rc3 Rd8 31. Rd1 Bb7 32. Qf2 a4 33. Ba2 Qe6 34. Rcd3 e4 35. Re1 Qf5 36. Rdd1 e3 37. Qe2 Qe5 38. d7 Rxb2 0-1

[Event "EU-chT 23rd"]
[Site "Terme Catez"]
[Date "2021.11.20"]
[Round "8.4"]
[White "Gavrilescu, David"]
[Black "Kelires, Andreas"]
[Result "0-1"]
[WhiteElo "2514"]
[BlackElo "2535"]
[PlyCount "96"]
[EventDate "2021.11.12"]
[EventType "team-swiss"]
[EventRounds "9"]
[EventCountry "SLO"]
[SourceTitle "CBM 205"]
[Source "ChessBase"]
[SourceDate "2021.12.31"]
[SourceVersion "1"]
[SourceVersionDate "2021.12.31"]
[SourceQuality "1"]
[WhiteTeam "Romania"]
[BlackTeam "Greece"]
[WhiteTeamCountry "ROU"]
[BlackTeamCountry "GRE"]

1. e4 c5 2. Nf3 d6 3. d4 cxd4 4. Nxd4 Nf6 5. Nc3 a6 6. a4 e5 7. Nf3 Be7 8. Bg5 Be6 9. Bxf6 Bxf6 10. Nd5 Nd7 11. Bc4 Rc8 12. b3 Qa5+ 13. b4 Qd8 14. Bb3 a5 15. b5 Nc5 16. Qe2 Nxb3 17. cxb3 Bxd5 18. exd5 0-0 19. Nd2 e4 20. Rd1 Bc3 21. 0-0 f5 22. Nc4 Bb4 23. f3 Qe7 24. Kh1 Rce8 25. fxe4 fxe4 26. h3 g6 27. Rb1 h5 28. Rbd1 Kh7 29. Rc1 Kg8 30. Rcd1 Rxf1+ 31. Rxf1 Rf8 32. Rxf8+ Kxf8 33. g4 h4 34. Kg2 Kg7 35. Qb2+ Kg8 36. Qe2 Bc5 37. Nd2 e3 38. Nf3 Qe4 39. Qc4 Qb1 40. Qc3 Qa2+ 41. Kh1 Qb1+ 42. Kg2 e2 43. Ne1 Qe4+ 44. Qf3 Qe5 45. Qd3 Kg7 46. Kf3 Bb4 47. Qb1 Bd2 48. Kf2 Qe3+ 0-1

[Event "EU-chT 23rd"]
[Site "Terme Catez"]
[Date "2021.11.16"]
[Round "5.4"]
[White "Martinovic, Sasa"]
[Black "Kelires, Andreas"]
[Result "1/2-1/2"]
[WhiteElo "2542"]
[BlackElo "2535"]
[PlyCount "154"]
[EventDate "2021.11.12"]
[EventType "team-swiss"]
[EventRounds "9"]
[EventCountry "SLO"]
[SourceTitle "CBM 205"]
[Source "ChessBase"]
[SourceDate "2021.12.31"]
[SourceVersion "1"]
[SourceVersionDate "2021.12.31"]
[SourceQuality "1"]
[WhiteTeam "Croatia"]
[BlackTeam "Greece"]
[WhiteTeamCountry "CRO"]
[BlackTeamCountry "GRE"]

1. Nf3 d5 2. g3 Nd7 3. d4 Nb6 4. Nbd2 Nf6 5. Bg2 Bf5 6. Nh4 e6 7. Nxf5 exf5 8. 0-0 Be7 9. c4 c6 10. cxd5 cxd5 11. Nb3 Ne4 12. Nc5 Rb8 13. Be3 0-0 14. Rc1 Bg5 15. Bxg5 Qxg5 16. a4 Qe7 17. Qd3 Rbc8 18. b3 Rc7 19. a5 Nc8 20. Nxe4 dxe4 21. Qb5 Nd6 22. Rxc7 Qxc7 23. Qc5 Rc8 24. Qb4 g6 25. e3 Ne8 26. d5 Nd6 27. Rd1 Qc5 28. Qd2 Qc3 29. Bf1 Qxd2 30. Rxd2 Kg7 31. Rd4 Kf6 32. Kg2 Ke5 33. b4 Rc2 34. h3 h6 35. Rd1 g5 36. h4 Rb2 37. b5 Rc2 38. a6 b6 39. hxg5 hxg5 40. Kg1 Rc5 41. Kg2 Nc8 42. Be2 Nd6 43. Rh1 Nxb5 44. Bxb5 Rxb5 45. Rh7 Ra5 46. Rxf7 Rxa6 47. d6 Ra5 48. d7 Rd5 49. Re7+ Kf6 50. d8Q Rxd8 51. Rxa7 Rb8 52. Ra4 b5 53. Rb4 Ke5 54. g4 f4 55. exf4+ gxf4 56. f3 e3 57. Kf1 Kd5 58. Ke2 Kc5 59. Rxf4 b4 60. Rf7 b3 61. Rc7+ Kd4 62. Rc1 b2 63. Rb1 Rb3 64. f4 Ke4 65. f5 Rb8 66. f6 Rh8 67. f7 Rh2+ 68. Kf1 Rh1+ 69. Kg2 Rxb1 70. f8Q Rg1+ 71. Kxg1 b1Q+ 72. Qf1 Qb8 73. Qf5+ Kd4 74. Kf1 Qg3 75. Qd7+ Ke4 76. Qf5+ Kd4 77. Qd7+ Ke4 1/2-1/2

[Event "EU-chT 23rd"]
[Site "Terme Catez"]
[Date "2021.11.15"]
[Round "4.14"]
[White "Kelires, Andreas"]
[Black "Potpara, Nikola"]
[Result "1-0"]
[WhiteElo "2535"]
[BlackElo "2374"]
[PlyCount "93"]
[EventDate "2021.11.12"]
[EventType "team-swiss"]
[EventRounds "9"]
[EventCountry "SLO"]
[SourceTitle "CBM 205"]
[Source "ChessBase"]
[SourceDate "2021.12.31"]
[SourceVersion "1"]
[SourceVersionDate "2021.12.31"]
[SourceQuality "1"]
[WhiteTeam "Greece"]
[BlackTeam "Montenegro"]
[WhiteTeamCountry "GRE"]
[BlackTeamCountry "MNE"]

1. d4 Nf6 2. c4 e6 3. g3 d5 4. Bg2 Bb4+ 5. Nd2 0-0 6. Ngf3 b6 7. 0-0 Bb7 8. Ne5 Be7 9. b3 a5 10. Bb2 c5 11. dxc5 bxc5 12. Re1 Nbd7 13. Nxd7 Qxd7 14. cxd5 exd5 15. e4 d4 16. a4 Rfe8 17. Nc4 Ra6 18. Qd3 Bf8 19. f3 Qd8 20. Bc1 Nd5 21. Bd2 Nb4 22. Bxb4 cxb4 23. f4 Qa8 24. Ra2 Bc5 25. e5 Bxg2 26. Rxg2 g6 27. Rc2 Rc6 28. Kg2 Rcc8+ 29. Qf3 Qa6 30. Rd2 Red8 31. Re4 Ra8 32. f5 gxf5 33. Qxf5 Qe6 34. Rg4+ Kh8 35. Qxe6 fxe6 36. Rf4 Rd5 37. Rd3 Kg7 38. Kf3 Ba7 39. Ke4 Rf8 40. Rdf3 Rxf4+ 41. gxf4 Rd7 42. Nxa5 Bb6 43. Nc4 Ba7 44. Nd6 Rd8 45. Rg3+ Kf8 46. Nb5 Bb6 47. Rd3 1-0

[Event "Paleochora op 14th"]
[Site "Paleochora"]
[Date "2021.07.29"]
[Round "8"]
[White "Kourkoulos Arditis, Stamatis"]
[Black "Kelires, Andreas"]
[Result "1/2-1/2"]
[WhiteElo "2485"]
[BlackElo "2520"]
[PlyCount "72"]
[EventDate "2021.07.23"]
[EventType "swiss"]
[EventRounds "9"]
[EventCountry "GRE"]
[SourceTitle "EXT 2022"]
[Source "ChessBase"]
[SourceDate "2021.10.06"]
[SourceVersion "1"]
[SourceVersionDate "2021.10.06"]
[SourceQuality "1"]

1. Nf3 d5 2. g3 Nf6 3. Bg2 c6 4. 0-0 Bf5 5. c4 dxc4 6. Na3 e6 7. Nxc4 Nbd7 8. d3 Be7 9. Bd2 0-0 10. b4 a6 11. Rb1 Bg4 12. a4 Nd5 13. Qc2 Rc8 14. Rfc1 Qc7 15. Qd1 b5 16. Ne3 Bxf3 17. Bxf3 Qb6 18. Qb3 h6 19. Nc2 Ne5 20. Bg2 Rfd8 21. e3 bxa4 22. Qa3 Qb5 23. d4 Nc4 24. Qd3 Nxd2 25. Qxd2 Qb6 26. Ra1 Nxb4 27. Rxa4 c5 28. Nxb4 cxb4 29. Rca1 b3 30. Be4 e5 31. d5 Qb5 32. Qb2 Rd6 33. Ra5 Qb4 34. R5a4 Qb5 35. Ra5 Qb4 36. R5a4 Qb5 1/2-1/2

[Event "Paleochora op 14th"]
[Site "Paleochora"]
[Date "2021.07.26"]
[Round "5"]
[White "Kelires, Andreas"]
[Black "Christiansen, Johan Sebastian"]
[Result "1/2-1/2"]
[WhiteElo "2520"]
[BlackElo "2620"]
[PlyCount "77"]
[EventDate "2021.07.23"]
[EventType "swiss"]
[EventRounds "9"]
[EventCountry "GRE"]
[SourceTitle "EXT 2022"]
[Source "ChessBase"]
[SourceDate "2021.10.06"]
[SourceVersion "1"]
[SourceVersionDate "2021.10.06"]
[SourceQuality "1"]

1. d4 Nf6 2. Nf3 d5 3. c4 e6 4. g3 Be7 5. Bg2 0-0 6. 0-0 dxc4 7. Qc2 b5 8. a4 b4 9. Nbd2 Bb7 10. Rd1 c5 11. Nxc4 Nbd7 12. Bg5 Rc8 13. Bxf6 Nxf6 14. dxc5 Qc7 15. Nfe5 Bxc5 16. Bxb7 Qxb7 17. e3 Rfd8 18. Rxd8+ Rxd8 19. Rd1 Rxd1+ 20. Qxd1 Qc7 21. Qf3 Nd5 22. Kg2 f6 23. Nd3 Bf8 24. b3 Nc3 25. Nf4 Qd7 26. e4 Qc6 27. e5 Qxf3+ 28. Kxf3 Kf7 29. Nd3 Ke8 30. h4 f5 31. Ke3 Kd7 32. f3 Be7 33. h5 g5 34. g4 Kc6 35. Kd4 Ne2+ 36. Ke3 Nc3 37. Kd4 Ne2+ 38. Ke3 Nc3 39. Kd4 1/2-1/2

[Event "Paleochora op 14th"]
[Site "Paleochora"]
[Date "2021.07.25"]
[Round "4"]
[White "Ioannidis, Evgenios"]
[Black "Kelires, Andreas"]
[Result "0-1"]
[WhiteElo "2422"]
[BlackElo "2520"]
[PlyCount "66"]
[EventDate "2021.07.23"]
[EventType "swiss"]
[EventRounds "9"]
[EventCountry "GRE"]
[SourceTitle "EXT 2022"]
[Source "ChessBase"]
[SourceDate "2021.10.06"]
[SourceVersion "1"]
[SourceVersionDate "2021.10.06"]
[SourceQuality "1"]

1. e4 c5 2. Nf3 d6 3. Bb5+ Nd7 4. a4 Ngf6 5. Nc3 a6 6. Be2 b6 7. d4 cxd4 8. Qxd4 e6 9. 0-0 Bb7 10. Rd1 Qc7 11. Be3 Be7 12. Nd2 0-0 13. Nc4 e5 14. Qd3 Rfd8 15. a5 b5 16. Nb6 Rab8 17. b4 h6 18. Rab1 Re8 19. Ncd5 Nxd5 20. Nxd5 Bxd5 21. exd5 e4 22. Qb3 Rec8 23. Rbc1 Ne5 24. Rd4 f5 25. c4 bxc4 26. Bxc4 Qb7 27. Bf1 Rxc1 28. Bxc1 Bf6 29. Rd1 Bg5 30. Ba3 Ng4 31. h3 Nxf2 32. Kxf2 Qa7+ 33. Kg3 Bf4+ 0-1

[Event "Paleochora op 14th"]
[Site "Paleochora"]
[Date "2021.07.24"]
[Round "3"]
[White "Kelires, Andreas"]
[Black "Louis, Thibault"]
[Result "1-0"]
[WhiteElo "2520"]
[BlackElo "2269"]
[PlyCount "133"]
[EventDate "2021.07.23"]
[EventType "swiss"]
[EventRounds "9"]
[EventCountry "GRE"]
[SourceTitle "EXT 2022"]
[Source "ChessBase"]
[SourceDate "2021.10.06"]
[SourceVersion "1"]
[SourceVersionDate "2021.10.06"]
[SourceQuality "1"]

1. d4 d5 2. c4 e6 3. Nf3 Nf6 4. g3 Be7 5. Bg2 0-0 6. 0-0 dxc4 7. Qc2 b5 8. a4 Bb7 9. axb5 a6 10. Nc3 axb5 11. Rxa8 Bxa8 12. Nxb5 c5 13. dxc5 Qa5 14. Nc3 Qxc5 15. Bd2 Rc8 16. Ra1 Nbd7 17. h3 h6 18. Be3 Qb4 19. Ra4 Qb8 20. Ba7 Qc7 21. Bd4 Nb6 22. Ra1 Nfd7 23. Nb5 Qb8 24. Nc3 Bc5 25. Rd1 Bxd4 26. Rxd4 Ne5 27. Nxe5 Qxe5 28. Qd2 Bxg2 29. Kxg2 Qa5 30. h4 Na4 31. f3 Nxc3 32. bxc3 Qe5 33. Re4 Qc7 34. Rd4 Qe5 35. Kf2 Qf5 36. Rg4 e5 37. Qd5 Qe6 38. Qxe6 fxe6 39. Ke3 Kf7 40. Re4 Kf6 41. h5 Rc7 42. Rg4 Rc5 43. Ke4 Rd5 44. Ke3 Rc5 45. Kf2 Rc7 46. Re4 Rc5 47. g4 Rc7 48. Kg3 Rc5 49. e3 Rc7 50. f4 exf4+ 51. exf4 Rc5 52. Kf3 Rd5 53. Rxc4 Rd3+ 54. Kf2 Rh3 55. Rc5 Rh2+ 56. Kg3 Rh1 57. c4 Rg1+ 58. Kf3 Rf1+ 59. Ke3 Rg1 60. g5+ hxg5 61. fxg5+ Rxg5 62. Rxg5 Kxg5 63. c5 Kf6 64. Ke4 Ke7 65. Ke5 Kd7 66. c6+ Kxc6 67. Kxe6 1-0